| 000 | 00803cam a22002415a 4500 | ||
|---|---|---|---|
| 001 | E149124 | ||
| 008 | 100114s2010 xxko f 000 0 eng d | ||
| 020 | _a9781848061170 | ||
| 035 | _a(Sirsi) u149124 | ||
| 041 | 0 | _aeng | |
| 050 | 0 | 4 | _a690 $2 18 |
| 100 | 1 | _aBlackmore, Paul | |
| 245 | 0 | 0 | _aMicro-wind turbines on tall buildings |
| 260 |
_aWatford _bBRE _c2010 |
||
| 300 |
_a8p. _bill. _c30cm. |
||
| 490 | 0 |
_aBRE Information Paper _v(1/10) |
|
| 520 | _aDiscusses the use of micro-wind turbines on the roofs of tall buildings and offers guidelines on the siting of such turbines in order to maximise their effectiveness. | ||
| 521 | _aAdvanced | ||
| 590 | _aKA | ||
| 651 | 4 |
_aUnited Kingdom _y |
|
| 690 | _aENVIRONMENTAL AND LAND CONSULTANCY-ENERGY-ENERGY USE-ENERGY EFFICIENCY | ||
| 942 | _n0 | ||
| 999 |
_c110375 _d110375 |
||